000 00287 a2200145 4500
001 48066
020 _a8504008444
040 _cAnchieta - Aquarius
240 1 0 _aCores
_lpor
245 1 0 _aCores
300 _a43
362 0 _a2005
650 4 _aLiteratura infanto-juvenil
942 _cBK
999 _c48066
_d48066